00593nam a22001337a 4500008004100000020001500041082002300056110003800079245013600117260006500253300003400318650006700352710004000419150424b xxu||||| |||| 00| 0 eng d a9968806234 a338.972.86bS 456s aProyecto Estado de la Region-PNUD aSegundo informe sobre desarrollo humano en Centroamerica y Panama/bProyecto estado de la regioncProyecto Estado de la Region-PNUD aSan José, Costa RicabProyecto Estado de la Naciónc2003 a444 p.bill. (col) mapc28 cm xPolitica EconomicaxDesarrollo SocialzAmerica CentralzPanama aProyecto Estado de la Region - PNUD